| 000 | 02445nas1a22003251i 4500 | ||
|---|---|---|---|
| 001 | RU\NLR\INFOCOMM17\1000447389 | ||
| 005 | 20240726070633.0 | ||
| 011 | _a0201-4904 | ||
| 035 | _a(NLR Aleph) 002620727 | ||
| 090 |
_a3612835 _c3612835 |
||
| 100 | _a20040727c1979 |||y0rusy50 ca | ||
| 101 | 0 | _arus | |
| 102 | _aRU | ||
| 110 | _aayu||||0|y0 | ||
| 200 | 1 |
_aПотребительская кооперация _eОбзор. информ. _iСерия: "Кооперативная промышленность" _fЦентросоюз. ЦБТЭИ |
|
| 210 |
_aМ. _d1979- |
||
| 801 | 1 |
_aRU _bInfoComm _c20040727 |
|
| 801 | 0 |
_aRU _bNLR _gPSBO |
|
| 852 |
_aNLR _jП22/4854 |
||
| 942 | _cJOURNAL | ||
| 980 | _aRUSPER | ||